000 00351nam a2200157Ia 4500
003 OSt
008 191201s2010 xx 000 0 und d
082 _a658.848
_bVAI
100 _aVASUDEVA, P.K.
245 0 _aInternational Marketing
250 _a4TH
260 _aNew Delhi
_bExcel Books
_c2010
300 _a617
650 _aBBA
942 _2ddc
_cBK
999 _c4772
_d4772